| 000 | 00404nam a2200169Ia 4500 | ||
|---|---|---|---|
| 005 | 20250423101510.0 | ||
| 008 | 250422s9999 xx 000 0 und d | ||
| 020 | _a0- 9521497-3- 7 | ||
| 050 | _aBP 252 .N8613/ | ||
| 100 | _aSaid Nursi | ||
| 245 | 4 | _aThe words 1 : from the risale-i nur collection | |
| 260 | _aLondon | ||
| 260 | _bTruestar Ltd | ||
| 260 | _c1993 | ||
| 300 | _a188 p | ||
| 942 | _cBK | ||
| 999 |
_c36464 _d36464 |
||